Statistics for Cricket General Knowledge #2

Click here to take the quiz!

General Stats

  • This quiz has been taken 36 times
  • The average score is 6 of 15

Answer Stats

QuestionAnswer% Correct
What is the number of sixes Don Bradman hit in his career?6
100%
How many balls are in an over?6
100%
What team has won the most World Cups?Australia
94%
Did Afghanistan compete in the 2019 CWC?Yes
79%
Which country is the only one to win the 60-over, 50-over, and 20-over World Cups?India
68%
How many ducks does Tendulkar have in his Ranji Trophy Career?1
65%
Who was mankading named after?Vinood Mankad
38%
What is the highest score in tests internationally?401*
21%
Who is known as "Dizzy"?Jason Gillespie
18%
Who is Ifitkar Ali Khan Pataudi's grandson?Saif Ali Khan
18%
Who was the only player to play for both India and England?Ifitkar Ali Khan Pataudi
9%
What is the highest score in the CWC?237*
6%
When was cricket invented?In the 1500s
0%
What does this (*) mean in cricket?It means the player was not out
0%
What is a 5-for?When a bowler takes five wickets
0%

Score Distribution

Percentile by Number Answered

Percent of People with Each Score

Your Score History

You have not taken this quiz